| 000 | 00955nam a22002297a 4500 | ||
|---|---|---|---|
| 005 | 20130910154305.0 | ||
| 010 | _aB-515356-391 B-523500-504 | ||
| 020 |
_a8184822588 _c225.00 |
||
| 020 |
_a9788184822588 _c225.00 |
||
| 035 | _aB-515356-391 B-523500-504 | ||
| 037 | _bUBH/Ven. | ||
| 082 | _aS | ||
| 245 |
_aTales of Revolutionaries / _cedited by Anant Pai. |
||
| 260 |
_aMumbai _bAmar Chitra Katha _c2011 (repr.) |
||
| 270 |
_aKrishna House, 3rd Floor, Raghuvanshi Mill Compound, S.B. Marg, Lower Parel (W) _bMumbai _e400013 |
||
| 300 |
_aVol.1022, various pages. _c24cm(Hb) _bcol.ill. |
||
| 500 | _a5-in-1 | ||
| 505 | _aChandrashekar Azad, Bagha Jatin, Deshbandhu Chittaranjan Das, Rash Behari Bose, A Nation Awakes | ||
| 942 |
_2ddc _cCH _mTAL _hS |
||
| 999 |
_c79254 _d79254 |
||